Kto je vlastne pánom ?

Zamestnanci sú reklamou, dobrý predavač vytvára imidž predajne, v ktorej pracuje. Napriek tomu sa nejeden predavač správa tak, akoby on bol v obchode pánom. V obchode sa stále môžu uplatniť aj menej vzdelaní ľudia. Najdôležitejšia je chuť pracovať, ochota vzdelávať sa. Na druhej strane musí stáť zam...

Description complète

Enregistré dans:
Détails bibliographiques
Auteur principal: Brezovský, Jozef
Format: Chapitre de livre
Langue:slovaque
Sujets:
Tags: Ajouter un tag
Pas de tags, Soyez le premier à ajouter un tag!

MARC

LEADER 00000naa$a2200000$$$4500
001 0039582
005 20231107130322.5
041 0 |a slo 
044 |a SK 
245 1 0 |a Kto je vlastne pánom ?  |c Jozef Brezovský 
520 |a Zamestnanci sú reklamou, dobrý predavač vytvára imidž predajne, v ktorej pracuje. Napriek tomu sa nejeden predavač správa tak, akoby on bol v obchode pánom. V obchode sa stále môžu uplatniť aj menej vzdelaní ľudia. Najdôležitejšia je chuť pracovať, ochota vzdelávať sa. Na druhej strane musí stáť zamestnávateľ, ktorý dokáže zamestnanca zodpovedajúco oceniť. Motivačným faktorom na Slovensku je výška mzdy. 
610 2 0 |a obchod 
610 2 0 |a predajne 
610 2 0 |a imidž 
610 2 0 |a zamestnanci 
610 2 0 |a vzdelanie 
610 2 0 |a zamestnávatelia 
610 2 0 |a mzdy 
610 2 0 |a motivácia pracovná 
610 2 0 |a zdroje ľudské 
100 1 |a Brezovský, Jozef